00515cam a22001451 450000100100000000500170001000800410002704000250006810000240009324501250011726000340024230000210027650400300029765000420032700000131620200929145535.0870523s1949 sz b 000 0 fre  aDO-SdBNPbspacBNPHU1 aPerrenoud, Georges.10aRegime des privileges et immunites des missions diplomatiques etrangeres et des organisations internationales en Suisse. aLausanne, :bF. Rouge,c1949. a253 p. ;c23 cm. aBibliography: p. 245-248. 0aDiplomatic privileges and immunities.